=LDR 00000nam 2200000 4500 =001 NUTBA000000000003116 =005 20250218105919 =035 ##$$a 0010-071400000000304 =008 250218################g##########0#ind## =040 ##$$a NBPDMAT =082 ##$$a 575 =090 ##$$a 575 $b Umy k =100 ##$$a Umy Zahroh =245 1#$$a Kalkulus II /$c Dra. Umy Zahroh, M. Kes. =260 ##$$a Yogyakarta :$b Teras,$c 2011 =300 ##$$a vii, 133 hlm. : $b ilus ; $c 20 cm. =650 #4$$a Kalkukus =020 ##$$a 978-406-978-341-5 =084 ##$$a 575 UMY k =504 ##$$a Biodata : Hlm.133 =990 ##$$a 21406632 =990 ##$$a 21406633 =990 ##$$a 21406634 =990 ##$$a 21406635 =990 ##$$a 21406636 =990 ##$$a 21406632 =990 ##$$a 21406633 =990 ##$$a 21406634 =990 ##$$a 21406635 =990 ##$$a 21406636 =990 ##$$a 21406633 =990 ##$$a 21406632 =990 ##$$a 21406634 =990 ##$$a 21406635 =990 ##$$a 21406636 =990 ##$$a 21406634 =990 ##$$a 21406632 =990 ##$$a 21406633 =990 ##$$a 21406635 =990 ##$$a 21406636 =990 ##$$a 21406634 =990 ##$$a 21406632 =990 ##$$a 21406633 =990 ##$$a 21406635 =990 ##$$a 21406636 =990 ##$$a 21406635 =990 ##$$a 21406632 =990 ##$$a 21406633 =990 ##$$a 21406634 =990 ##$$a 21406636 =990 ##$$a 21406636 =990 ##$$a 21406632 =990 ##$$a 21406633 =990 ##$$a 21406634 =990 ##$$a 21406635